000 00566nam a2200205Ia 4500
003 OSt
005 20251219101457.0
008 210210b1927 xxu||||| |||| 00| 0 eng d
040 _cAL
041 _aKannada
082 _a851/108
100 _aGANAPATIRAV PANDESVARA
_dಗಣಪತಿರಾವ್ ಪಾಂಡೇಶ್ವರ
_9249511
245 _aKolala krashna
_bಕೊಳಲ ಕೃಷ್ಣ
260 _aUDupi
_b-
_c1927
650 _akrashNa
_9249512
650 _aKoLala
_9249513
690 _aKannada Poetry
_9249514
906 _a018125
942 _2ddc
_cBK
999 _c148419
_d148419